| 000 | 01127nam0a22002411 4500 | ||
|---|---|---|---|
| 001 | rc\471721 | ||
| 005 | 20030616172441.4 | ||
| 035 | _a(NLR Aleph) 005715369 | ||
| 090 |
_a7421788 _c7421788 |
||
| 100 | _a20030616d1988 u |0rusy50 ca | ||
| 101 | 0 | _arus | |
| 102 | _aRU | ||
| 105 | _aa ||||||||| | ||
| 200 | 1 |
_aИСПОЛЬЗОВАНИЕ компьютерной техники в политехнической подготовке учащихся на уроках трудового обучения _eМетод. рекомендации _eДля проведения эксперим. работы _fАПН СССР, НИИ труд. обучения и профориентации _g[К. п. н. В.А. Кальней] |
|
| 210 |
_aМ. _cАПН СССР _d1988 |
||
| 215 |
_a46 с. _cил. _d20 |
||
| 702 | 1 |
_aКальней _bВ. А. _gВалентина Алексеевна _4220 |
|
| 712 | 0 | 2 |
_aНИИ трудового обучения и профориентации _cМосква _3RU\NLR\AUTH\889965259 |
| 801 | 0 |
_aRU _bNLR _gpsbo |
|
| 801 | 1 |
_aRU _bELAR _2rusmarc |
|
| 852 |
_aNLR _j89-4/3741 |
||
| 942 | _cBOOK | ||
| 980 | _aNB | ||